| 000 | 00541nam a22001457a 4500 | ||
|---|---|---|---|
| 003 | NUST | ||
| 082 | _a670 | ||
| 100 |
_aMajeed, Romeeza _935493 |
||
| 245 |
_aUes Of statistical Quality Control Tools IN Manufacturing Industry To Improve Quality & Enhancement In Productivity / _cRomeeza Majeed |
||
| 264 |
_aIslamabad : _bSMME- NUST; _c2009. |
||
| 300 |
_a95p. ; _bSoft Copy _c30cm. |
||
| 700 |
_aSupervisor : Dr. Shahid Ikramullah Butt _9119623 |
||
| 856 | _uhttp://10.250.8.41:8080/xmlui/handle/123456789/38737 | ||
| 942 |
_2ddc _cTHE |
||
| 999 |
_c607415 _d607415 |
||